| 000 | 00651nam a22002177a 4500 | ||
|---|---|---|---|
| 003 | 0 | ||
| 005 | 20250424123427.0 | ||
| 008 | 250424b xxu||||| |||| 00| 0 eng d | ||
| 020 | _a978-971-9655-41-1 | ||
| 050 |
_aHF 5691 _b.Si57 2023 |
||
| 100 | _aSirug, Winston S. | ||
| 245 |
_aBusiness mathematics: _ba practical approach _cWinston S. Sirug |
||
| 250 | _athird edition | ||
| 260 |
_aManila _bMindshapers Co. Inc. _cc2023 |
||
| 300 |
_ax, 364 pages ; _c26cm. |
||
| 650 | _aBusiness mathematics. | ||
| 650 | _aMathematics—Applied. | ||
| 650 | _aFinance—Mathematical models. | ||
| 650 | _aAccounting—Mathematics. | ||
| 942 |
_2lcc _cBK |
||
| 999 |
_c367411 _d367411 |
||